Responses for Show #6677 - Tuesday, October 1, 2013

Contestants

[<< previous game]

Elisabeth Houlik, an accountant from Allentown, Pennsylvania

Rich Hansen, an attorney from Chicago, Illinois

Fidelito Cortes, a writer from Port Jefferson Station, New York (whose 1-day cash winnings total $20,000)

[next game >>]

Jeopardy! Round responses

SOME 4-LETTER WORDS
MAPPING THE NFL
ANDREW JACKSON
DAYS
OF SWINE
"ROSE"S
    $200 7
a tutu

Elisabeth
    $200 1
the Seahawks & the Dolphins

Fidelito
    $200 9
the Revolution

Elisabeth
    $200 21
hobbits

Fidelito
    $200 25
(Fidelito: What are hogs?)

boars

FidelitoElisabeth
    $200 15
(Alex: That was a football game, by the way.)

the Rose Bowl

Elisabeth
    $400 6
the womb

Fidelito
    $400 2
(Fidelito: What are the Chicago Bears and the Green Bay Packers?)

the Chicago Bears and the Detroit Lions

FidelitoRich
    $400 10
Tennessee

Fidelito
    $400 22
the Sierra Club

Fidelito
    $400 27
pot-bellied pigs

Fidelito
    $400 17
Guns N' Roses

Fidelito
    $600 8
a puck

Rich
    $600 3
the St. Louis Rams

Rich
    $600 11
John Quincy Adams

Elisabeth
    $600 23
Yosemite

Elisabeth
    $600 28
warthogs

Fidelito
    $600 18
the Rosenbergs

Elisabeth
    $800 14
a rook

Rich
    $800 4
the Patriots

Elisabeth
    $800 12
Van Buren

Elisabeth
    $800 24
Bethlehem

Rich
    $800 29
(Rich: Uh--what are--aortas?)
(Elisabeth: What are arteries?)

valves

FidelitoRichElisabeth
    $800 19
the Run for the Roses

Elisabeth
    $1000 16
(Rich: What is migration?)

a trek

Rich
Triple Stumper
    $800 5
the (Houston) Oilers

Elisabeth
    $1000 13
the Baltimore and Ohio

Triple Stumper
    $1000 26
Republic

Rich
    $1000 30
Iowa

Fidelito
    $1000 20
(Elisabeth: Who is... Tokyo Rose?)

Gypsy Rose Lee

FidelitoElisabeth

Scores at the first commercial break (after clue 14):

Fidelito Rich Elisabeth
$600 $2,400 $3,400

Scores at the end of the Jeopardy! Round:

Fidelito Rich Elisabeth
$5,200 $2,400 $4,000

Double Jeopardy! Round responses

2013 BOOKS
FORMER SOVIET REPUBLICS
CASTLING
ARIAS
NAME THE TV ROLE
GOLDEN WORDS
(Alex: Golden because each correct response will contain the letters "A-U", the symbol for gold.)
    $400 16
Lithuania

Elisabeth
    $400 21
the dungeon

Elisabeth
    $400 11
Wilhelm Tell

Fidelito
    $400 5
Don Draper

Elisabeth
    $400 6
haute

Rich
    $800 17
Georgia

Rich
    $800 22
lances

Rich
    $800 12
Richard Wagner

Fidelito
    $800 2
(Fidelito: Who is [pause] Helaine?)

(Elaine) Benes

FidelitoRich
    $800 7
(Elisabeth: What is a draught?)
(Rich: What is drought?)

faucet

RichElisabeth
Triple Stumper
    $1200 26
(Elisabeth: Who is Dr. Oz?)

Dr. Phil

RichElisabeth
    $1200 18
Minsk

Fidelito
    $1200 23
(Elisabeth: What are ramparts?)

parapets

Elisabeth
Triple Stumper
    $3,800 13
Don Giovanni

Fidelito
    $1200 1
Angel

Rich
    $1200 8
a cauldron

Fidelito
    $1600 27
Chile

Fidelito
    $1600 19
Ukraine

Fidelito
    $1600 24
the portcullis

Triple Stumper
    $1600 14
Hoffmann

Fidelito
    $1600 3
Scotty

Rich
    $1600 9
an Auk

Fidelito
    $2000 28
[end-of-round signal sounds]

Robert Jordan

Triple Stumper
    $2000 20
Azerbaijan and Armenia

Elisabeth
    $2000 25
(Rich: What is Alhambra?)

an alcázar

Rich
Triple Stumper
    $2000 15
[applause for running the category]

Dido

Fidelito
    $2000 4
Gloria

Triple Stumper
    $3,800 10
a bauble

Fidelito

Scores at the end of the Double Jeopardy! Round:

Fidelito Rich Elisabeth
$24,000 $6,400 $4,000
(lock game)

[wagering suggestions for these scores]

Final Jeopardy! Round responses

THE ACADEMY AWARDS
ElisabethWhat is The Lord of the Ring?
$2,500
RichWhat are the Godfather (I & II)
$2,755
FidelitoWhat is The Godfather
$1,000
The Godfather

Final scores:

Fidelito Rich Elisabeth
$25,000 $9,155 $1,500
2-day champion: $45,000 2nd place: $2,000 3rd place: $1,000

Game dynamics:

Coryat scores:

Fidelito Rich Elisabeth
$19,600 $6,400 $4,200
22 R
(including 2 DDs),
3 W
13 R,
4 W
15 R
(including 1 DD),
5 W

Combined Coryat: $30,200

[game clues] [game scores] [suggest correction]

Game tape date: 2013-08-27
The J! Archive is created by fans, for fans. Scraping, republication, monetization, and malicious use prohibited; this site may use cookies and collect identifying information. See terms. The Jeopardy! game show and all elements thereof, including but not limited to copyright and trademark thereto, are the property of Jeopardy Productions, Inc. and are protected under law. This website is not affiliated with, sponsored by, or operated by Jeopardy Productions, Inc. Join the discussion at JBoard.tv.